Statistics for Birds in the Answer

Click here to take the quiz!

General Stats

  • This quiz has been taken 46,711 times
    (21,701 since last reset)
  • The average score is 18 of 24

Answer Stats

ClueAnswer% Correct
Pirate played by Johnny DeppJack {Sparrow}
94%
Harper Lee novelTo Kill a {Mockingbird}
94%
Fool's errandWild {Goose} Chase
93%
Hans Christian Andersen
fairy tale
The Ugly {Duckling}
92%
Neil Armstrong sayingThe {Eagle} has landed
91%
Person from New Zealand{Kiwi}
90%
Segregation system in the
southern U.S.
Jim {Crow}
87%
Cartoon bird with an
annoying laugh
Woody {Woodpecker}
87%
He said the sky was falling{Chicken} Little
86%
Natalie Portman movieBlack {Swan}
84%
Famous skateboarderTony {Hawk}
84%
First day of Christmas gift{Partridge} in a pear tree
82%
ExtinctDead as a {dodo}
81%
Things are not going wellThe {vulture}s are circling
78%
Quoth this bird: "nevermore"The {Raven}
77%
Batman villainThe {Penguin}
75%
Early warning system{Canary} in a coal mine
74%
Humphrey Bogart movieThe Maltese {Falcon}
72%
A country in the Near East{Turkey}
63%
John Grisham bookThe {Pelican} Brief
59%
They were baked in a pieFour and Twenty {Blackbird}s
55%
Very serious sin{Cardinal} Sin
49%
A great burden{Albatross} around one's neck
41%
Trivia question from
Monty Python
What is the airspeed velocity
of an unladen {swallow}?
39%

Score Distribution

Percentile by Number Answered

Percent of People with Each Score

Your Score History

You have not taken this quiz since the last reset